00000000nam##2200000za#4500
0019.576266
003CaOODSP
00520210624185046
007cr |||||||||||
008150406|1981||||xxc|||||o    f|0| 0 eng|d
040 |aCaOODSP|beng
043 |an-cn---
0861 |aFs97-13/259E-PDF
1101 |aCanada. |bDepartment of Fisheries and Oceans.
24510|aLight attenuation in the Experimental Lakes Area - 1980 data / |h[electronic resource]|cby J.A. Shearer and E.R. DeBruyn.
260 |aWinnipeg - Manitoba : |bFisheries and Oceans Canada |c1981.
300 |a54p.|bfigs., references, tables
4901 |aCanadian data report of fisheries and aquatic sciences|vNo. 259
500 |aOn t.p.: Western Region, Winnipeg, Manitoba. Catalogue number of the print edition appears in the PDF version.
546 |a(Résumé en français)
590 |a13-09-Supp|b2013-04-04
830#0|aCanadian data report of fisheries and aquatic sciences ;|vNo. 259|w(CaOODSP)9.505124
85640|ahttp://publications.gc.ca|qPDF|s751 KB|uhttps://publications.gc.ca/collections/collection_2013/mpo-dfo/Fs97-13-259-eng.pdf|yNo. 259